| 000 | 00516mam a2200169ua 4500 | ||
|---|---|---|---|
| 082 |
_a693.1 _bCUR |
||
| 245 | 0 | 0 |
_aStructural masonry designers' manual / _cW.G. Curtin ... [et al.]. |
| 250 | _a2nd ed. | ||
| 260 |
_aOxford [Oxfordshire] ; _aBoston : _bBSP Professional Books, _c1987. |
||
| 300 |
_axiii, 488 p. : _bill. ; _c31 cm. |
||
| 500 | _aIncludes index. | ||
| 526 |
_a0 _b0 _c0 _d693_100000000000000_CUR |
||
| 650 | 0 |
_aMasonry _936353 |
|
| 650 | 0 |
_aMCE _9379 |
|
| 700 | 1 |
_aCurtin, W. G. _945417 |
|
| 942 |
_2ddc _cBK |
||
| 999 |
_c548948 _d548948 |
||